| 000 | 01902nam a2200469Ii 4500 | ||
|---|---|---|---|
| 001 | DIGDYK0441 | ||
| 003 | NyNyDIG | ||
| 008 | 140128s2013 sp ob 000 0 spa d | ||
| 006 | m o d | ||
| 007 | cr ||||||||||| | ||
| 040 |
_aDGITA _beng _erda _epn _cDGITA |
||
| 020 |
_a9788490317068 _q(eBook) |
||
| 020 |
_a8490317062 _q(eBook) |
||
| 020 | _z9788490312896 | ||
| 020 | _z8490312893 | ||
| 035 | _a(OCoLC)869282596 | ||
| 043 | _ae-sp--- | ||
| 050 | 1 | 4 | _aKKT2101 eBook |
| 245 | 0 | 0 |
_aCádiz 1812 : _borigen del constitucionalismo español / _cLuis Palacios Buñuelos, Ignacio Ruiz Rodríguez (Directores) ; Fernando Bermejo Batanero [and fourteen others]. |
| 264 | 1 |
_aMadrid : _bEditorial Dykinson, S.L., _c[2013] |
|
| 300 | _a1 online resource (471 pages) | ||
| 336 |
_atext _btxt _2rdacontent |
||
| 337 |
_acomputer _bc _2rdamedia |
||
| 338 |
_aonline resource _bcr _2rdacarrier |
||
| 504 | _aIncludes bibliographical references. | ||
| 588 | 0 | _aOnline resource; title from ePub and PDF title page (Digitalia, viewed Aug. 8, 2014) | |
| 610 | 1 | 0 |
_aSpain. _tConstitución (1812) |
| 650 | 0 |
_aConstitutional history _zSpain _y19th century. |
|
| 650 | 0 |
_aConstitutional law _zSpain _y19th century. |
|
| 651 | 0 |
_aSpain _xPolitics and government _y19th century. |
|
| 610 | 1 | 0 |
_aSpain. _tConstitución (1812) _xIn literature. |
| 655 | 0 | _aElectronic books. | |
| 700 | 1 |
_aPalacios Bañuelos, Luis, _d1944- _eeditor. |
|
| 700 | 1 |
_aRuiz Rodríguez, Ignacio, _eeditor. |
|
| 700 | 1 |
_aBermejo Batanero, Fernando, _eeditor. |
|
| 791 | 2 |
_aDigitalia (Firm), _edistributor. |
|
| 793 | 0 |
_gDigitalia eBook Collection: _aDykinson Editorial. |
|
| 776 | 0 | 8 |
_iPrint version: _tCádiz 1812 _dMadrid : Editorial Dykinson, S.L., [2013] _z9788490312896 _w(OCoLC)868225753 |
| 856 | 4 | 0 |
_3Digitalia Hispánica _uhttps://www.digitaliapublishing.com/a/24328/ |
| 910 | _aPremium Collection: 2013 | ||
| 942 | _cRAA | ||
| 999 |
_c238327 _d238327 |
||